000 00730nam a2200253Ia 4500
003 OSt
005 20220925224533.0
006 a|||||r|||| 00| 0
007 ta
008 220923b |||||||| |||| 00| 0 eng d
020 _a0710003811
037 _cGeneral Book
040 _aRTL
_cRTL
_beng
041 _2eng
_aeng
082 _aY, M0
100 _aGlassner Barry
_9291235
245 0 _aEssential interactionism
_b On the intelligibility of prejudice
260 _aLondon
_bRoutledge and Kegan Paul
_c1980
300 _axvi,185p
_ccm.
490 _aInternational Library of Sociology
500 _aBibliography : P 165-180
942 _hY, M0
_cGB
_2CC
999 _c581695
_d581695